000 00342nam a2200133Ia 4500
005 20260326235457.0
008 260326s9999||||xx |||||||||||||| ||und||
100 _aAmbasz, Emilio
245 4 _aThe Architecture of Luis Barragán /
_cEmilio Ambasz
260 _bMuseum of Modern Art
300 _a128 p.
650 _aARQUITECTOS
942 _cBK
999 _c7976
_d7976